000 02785cam a2200301 4500500
005 20260329021633.0
041 _afre
042 _adc
100 1 0 _aChachkine, Elsa
_eauthor
700 1 0 _aJorro, Anne
_eauthor
245 0 0 _aCorps au travail et gestes d’écriture de doctorants
260 _c2019.
500 _a3
520 _aCette recherche explore la part de corporéité dans l’écriture de la thèse de professionnels engagés dans un projet doctoral. Pour cela, les auteures de cet article mobilisent les travaux de Mauss sur les techniques du corps (1947, 1950), le courant phénoménologique de Merleau-Ponty (1945, 1960) qui souligne l’importance du rapport au monde, les travaux de van Genep sur les rites de passage (1987) et des travaux sur la formation des adultes. Une première analyse tente de comprendre le rôle du corps dans l’activité d’écriture de la thèse, les lieux investis dans les différents moments de l’écriture, leur rôle, la construction des lieux. La recherche du bien-être et de l’isolement pour certaines écritures sont également explorées. Une deuxième analyse identifie cinq gestes d’écriture des sujets écrivant au fil du parcours. Les résultats de cette recherche nous semblent constituer des aides pour les doctorants et ceux qui les accompagnent.
520 _aIn this research, we explore the role played by the body in PhD writing for professionals involved in a doctoral project. For this purpose, the authors of this article mobilized Mauss ethonographic works “man’s first and most natural technical object, and at the same time technical means” (1947, 1950), the phenomenological current of Merleau-Ponty (1945, 1960) which underlines the importance of the relation with the world, the works of van Genep on rites of passage (1987) and work on adult education. A first analysis tries to understand the role of the body in PhD writing, the places invested at the different moments of writing, their role, the construction of places. The search for well-being and isolation for particular "writing gestures" is also explored. The second section identifies five “writing gestures” that PhD supervisors and PhD candidates should be aware of.
690 _aadulte écrivant
690 _acorporéité dans l’écriture
690 _aécriture de la thèse
690 _agestes d’écriture
690 _arituel d’écriture
690 _aadult writer
690 _abody in writing activity
690 _aPhD writing
690 _arituals
690 _awriting gestures
786 0 _nLe sujet dans la cité | Actuels 8 | 1 | 2019-12-04 | p. 35-56 | 2112-7689
856 4 1 _uhttps://shs.cairn.info/revue-le-sujet-dans-la-cite-2019-1-page-35?lang=fr&redirect-ssocas=7080
999 _c1914029
_d1914029